Typing first course
| Main Author: | |
|---|---|
| Format: | Book |
| Published: |
England :
McGraw-Hill ,
1988
|
| Edition: | Fifth edition |
| Subjects: |
MARC
| LEADER | 00000cam a2200000 7i4500 | ||
|---|---|---|---|
| 001 | 0000007763 | ||
| 002 | 000008333 | ||
| 005 | 20000330.0 | ||
| 020 | |a 0077070356 | ||
| 090 | 0 | 0 | |a 652.3 |b DRU |
| 100 | 1 | |a Drummond, Archie | |
| 245 | 1 | 0 | |a Typing first course |c Archie Drummond |
| 250 | |a Fifth edition | ||
| 260 | |a England : |b McGraw-Hill , |c 1988 | ||
| 300 | |a 182p. ; |c 21cm. | ||
| 650 | 0 | 0 | |a Keyboarding |
| 650 | 0 | 0 | |a Typewriting |
| 999 | |a 053080 |b BUKU |c PINJAMAN |e PERPUSTAKAAN KOMUNITI PETALING JAYA | ||